Armide (Record no. 174910)

MARC details
000 -LEADER
campo de control de longitud fija 00911nam a2200217 4500
001 - NÚMERO DE CONTROL
campo de control 174910
003 - IDENTIFICADOR DE NÚMERO DE CONTROL
campo de control ES-MaACL
005 - FECHA Y HORA DE LA ÚLTIMA TRANSACCIÓN
campo de control 20250519172152.0
008 - DATOS DE LONGITUD FIJA--INFORMACIÓN GENERAL
campo de control de longitud fija 100629r19051777fr hp |||| | fre d
080 ## - NÚMERO DE LA CLASIFICACIÓN DECIMAL UNIVERSAL
Número de la Clasificación Decimal Universal 782.1
100 1# - ENTRADA PRINCIPAL--NOMBRE DE PERSONA
Nombre de persona Quinault, Philippe.
9 (RLIN) 138978
245 10 - MENCIÓN DEL TÍTULO
Título Armide
Resto del título : tragédie lyrique en cinq actes et huit tableaux /
Mención de responsabilidad, etc. poème de Quinault ; musique de Gluck ... et reprise a l'Académie Nationale de Musique, en avril 1905.
260 ## - PUBLICACIÓN, DISTRIBUCIÓN, ETC.
Lugar de publicación, distribución, etc. Paris :
Nombre del editor, distribuidor, etc. Jules Rueff,
Fecha de publicación, distribución, etc. 1905.
300 ## - DESCRIPCIÓN FÍSICA
Extensión 78 p. :
Otras características físicas il., grab. ;
Dimensiones 26 cm.
534 ## - NOTA SOBRE LA VERSIÓN ORIGINAL
Frase introductoria Reimpresión facsímil de la ed. de:
Publicación, distribución, etc. del original Paris : Imp. P. de Lormel, 1777.
594 ## - Nota al título y mención de responsabilidad
Nota al título y mención de responsabilidad En antep.: Académie Nationale de Musique et de Danse.
650 #4 - PUNTO DE ACCESO ADICIONAL DE MATERIA--TÉRMINO DE MATERIA
Término de materia o nombre geográfico como elemento de entrada Óperas-
Subdivisión de forma Libretos.
9 (RLIN) 137584
700 1# - ENTRADA AGREGADA--NOMBRE PERSONAL
Nombre de persona Gluck, Christoph Willibald,
Fechas asociadas al nombre 1714-1787
9 (RLIN) 240528
852 4# - LOCALIZACIÓN
Ubicación ES-MaACL
Número de control de estantería 2279-F-14
Nota libre . - Biblioteca Jacinto Martínez Lacalle
Holdings
Estatus retirado Estado de pérdida Estado de daño No para préstamo Colección Biblioteca de origen Biblioteca actual Ubicación en estantería Fecha de adquisición Fuente de adquisición Total de préstamos Signatura topográfica completa Código de barras Visto por última vez Precio de reemplazo Tipo de ítem Koha
        Colección de folletos Biblioteca del Ateneo de Madrid Biblioteca del Ateneo de Madrid Depósito folletos 29/06/2010     2279-F-14 1183644 23/02/2023 23/02/2023 Folleto